00799nam a2200229 a 450000100060000000300080000600500170001400800410003103500190007204000370009104100080012808200220013624500840015826000590024230000250030149000420032650000200036850500840038865000200047270000360049283000410052872262BD-RjUL20211209082234.0170516s1969 cauab 001 0 eng d a(BD-RjUL)72479 aSPIcSPIdOCLdEQOdBD-RjULbeng aeng 223a550bREA 196900aReadings in the earth sciences /cwith introduction by William H. Matthews III. aSan Francisco, Calif. :bW.H. Freeman and Co.,cc1969. av. :bill. ;c29 cm. aScientific American resource library. aIncludes index.0 aV.1 (Offprints 801-843)-- v. 2 (Offprints 844-874)-- v. 3 (Offprints 875-899)-- 0aEarth sciences.1 aMatthews, William Henry,d1919- 0aScientific American resource library